[Event "Karpos Open 2013"]
[Site "Skopje MKD"]
[Date "2013.03.14"]
[Round "7.90"]
[White "Gjeorgjievski, Done"]
[Black "Nisic, Miroslav"]
[Result "0-1"]
[WhiteElo "1779"]
[BlackElo "2079"]
[WhiteFideId "15002748"]
[BlackFideId "948578"]
[EventDate "2013.03.09"]

1. e4 c6 2. d4 d5 3. exd5 cxd5 4. Bf4 Nc6 5. c3 Nf6 6. Bd3 Bg4 7. Qb3 Qc8 8. Nd2
e6 9. Ngf3 Be7 10. O-O O-O 11. Rfe1 Bh5 12. Ne5 Nxe5 13. Bxe5 Nd7 14. Qc2 Bg6
15. Nf3 a6 16. a4 Qc6 17. a5 Rfc8 18. Qe2 Bf8 19. h4 f6 20. Bf4 Bf7 21. Nd2 Re8
22. Bc2 e5 23. Ba4 Qd6 24. Bxd7 Qxd7 25. dxe5 fxe5 26. Bxe5 Re6 27. Qf1 Rae8 28.
Bd4 Qe7 29. Nf3 h6 30. b4 Qd8 31. g3 Bh5 32. Nd2 Be2 33. Qh3 Bg4 34. Qf1 Bh3 35.
Qxh3 Rxe1+ 36. Rxe1 Rxe1+ 37. Kg2 Qe8 38. Qf5 Qe6 39. Qf3 Bd6 40. Nf1 Qe4 41.
Ne3 Rg1+ 0-1

[Event "Karpos Open 2013"]
[Site "Skopje MKD"]
[Date "2013.03.14"]
[Round "7.91"]
[White "Aksoy, Ayca"]
[Black "Stojanovski, Stefan"]
[Result "1/2-1/2"]
[WhiteElo "1707"]
[BlackElo "1989"]
[WhiteFideId "6355978"]
[BlackFideId "15002446"]
[EventDate "2013.03.09"]

1. Nf3 Nf6 2. d4 c5 3. c4 d6 4. g3 g6 5. Bg2 Bg7 6. O-O cxd4 7. Nxd4 Qc7 8. Nb5
Qd8 9. N1c3 a6 10. Nd4 O-O 11. Nb3 Nc6 12. c5 dxc5 13. Nxc5 Qc7 14. Qa4 Ne5 15.
N5e4 Nxe4 16. Qxe4 e6 17. Bf4 Qc4 18. Rac1 f5 19. Qxc4 Nxc4 20. b3 Nb6 21. Bc7
Nd7 22. Rfd1 Ra7 23. Na4 a5 24. Nc5 Nxc5 25. Rxc5 a4 26. Rb5 axb3 27. axb3 Ra2
28. e3 Ra7 29. Bb6 Ra1 30. Rxa1 Bxa1 31. Bc5 Rf7 32. Ra5 Be5 33. Ra8 Rc7 34.
Bxb7 Rxb7 35. Rxc8+ Kf7 36. b4 Bc3 37. Rf8+ Kg7 38. Re8 Kf7 1/2-1/2

[Event "Karpos Open 2013"]
[Site "Skopje MKD"]
[Date "2013.03.14"]
[Round "7.92"]
[White "Angjelovski, Daniel"]
[Black "Stoilkovski, Jordan"]
[Result "1-0"]
[WhiteElo "1934"]
[BlackElo "1862"]
[WhiteFideId "15003523"]
[BlackFideId "15002209"]
[EventDate "2013.03.09"]

1. e4 c5 2. Nf3 Nc6 3. d4 cxd4 4. Nxd4 e5 5. Nb5 a6 6. Nd6+ Bxd6 7. Qxd6 Qf6 8.
Qc7 Qd8 9. Qxd8+ Nxd8 10. Nc3 Ne7 11. a4 Ndc6 12. Bc4 Nd4 13. Bd3 d6 14. O-O O-O
15. f4 f5 16. fxe5 dxe5 17. Bg5 Nec6 18. Nd5 f4 19. Bc4 Kh8 20. c3 Ne6 21. Nb6
Rb8 22. Bh4 Nc5 23. Bd5 Nd7 24. Nxc8 Rbxc8 25. Be6 Rc7 26. Bf2 Re8 27. Bh3 Nf6
28. Bb6 Rce7 29. Rfe1 Nd8 30. g3 g5 31. Bf5 Ne6 32. Rad1 Ng7 33. Rd6 Nxf5 34.
exf5 Rf7 35. Bd8 Rd7 36. Bxf6+ 1-0

[Event "Karpos Open 2013"]
[Site "Skopje MKD"]
[Date "2013.03.14"]
[Round "7.93"]
[White "Lakinska, Simona"]
[Black "Minovski, Gjorgji"]
[Result "1/2-1/2"]
[WhiteElo "1673"]
[BlackElo "1924"]
[WhiteFideId "15001695"]
[BlackFideId "15003205"]
[EventDate "2013.03.09"]

1. e4 e6 2. d4 d5 3. Nd2 Nf6 4. Bd3 c5 5. dxc5 Bxc5 6. Qe2 Nc6 7. Ngf3 Nd4 8.
Nxd4 Bxd4 9. O-O e5 10. c3 Bg4 11. Bb5+ Kf8 12. Qe1 Bb6 13. h3 h5 14. exd5 Qxd5
15. Bc4 Qc6 16. Qxe5 Bxh3 17. gxh3 Rh6 18. Bd3 1/2-1/2

[Event "Karpos Open 2013"]
[Site "Skopje MKD"]
[Date "2013.03.14"]
[Round "7.95"]
[White "Ajrula, Adnan"]
[Black "Ozturk, Hilal"]
[Result "0-1"]
[WhiteElo "1917"]
[BlackElo "1848"]
[WhiteFideId "15002713"]
[BlackFideId "6315330"]
[EventDate "2013.03.09"]

1. d4 Nf6 2. g3 e6 3. Bg2 c5 4. c3 Nc6 5. Nf3 d5 6. O-O Bd6 7. Bg5 h6 8. Bxf6
Qxf6 9. e3 O-O 10. Re1 Rd8 11. Nbd2 e5 12. dxe5 Nxe5 13. Nxe5 Bxe5 14. Nb3 Qd6
15. Qd2 Be6 16. Rad1 Rac8 17. f4 Bf6 18. e4 Qb6 19. e5 Be7 20. Qf2 g6 21. h4 h5
22. Kh2 a5 23. Rd2 Rd7 24. Red1 Rcd8 25. Bh3 Bxh3 26. Kxh3 a4 27. Nc1 Qe6+ 28.
Kh2 b5 29. Qe2 Rb8 30. Qf3 Rbd8 31. Ne2 f6 32. exf6 Bxf6 33. Qd3 Qg4 34. Qxb5
Bxh4 35. Qxc5 Be7 36. Qf2 Bf6 37. Rd3 Re7 38. R1d2 h4 39. gxh4 Bxh4 40. Qg2 Qh5
41. Rh3 Rh7 42. Nd4 Rf8 43. f5 Kh8 44. Qxd5 Bg3+ 45. Kxg3 Qxh3+ 46. Kf2 Qh2+ 47.
Ke3 Rh3+ 48. Nf3 Re8+ 49. Kd3 Rxf3+ 0-1

[Event "Karpos Open 2013"]
[Site "Skopje MKD"]
[Date "2013.03.14"]
[Round "7.97"]
[White "Batkoski, Nenad"]
[Black "Karatrajkov, Nikola"]
[Result "1-0"]
[WhiteElo "1901"]
[BlackElo "1777"]
[WhiteFideId "15002780"]
[BlackFideId "15002950"]
[EventDate "2013.03.09"]

1. e4 c5 2. Nf3 d6 3. c3 Nf6 4. Qc2 g6 5. d4 cxd4 6. cxd4 Bg7 7. Bc4 O-O 8. h3
d5 9. exd5 Nxd5 10. Bg5 Bf5 11. Qb3 Nb6 12. O-O Nxc4 13. Qxc4 h6 14. Bh4 Nc6 15.
Rd1 Ne5 16. Nxe5 Bxe5 17. Nc3 Bd6 18. g4 Bd7 19. Ne4 b5 20. Qb3 Qb6 21. Qe3 Kh7
22. Nc5 Bc6 23. b4 Rfe8 24. d5 Bb7 25. Qf3 f6 26. Rac1 Rac8 27. Qe4 Ba8 28. Qe6
Kg7 29. Nd7 Rxc1 30. Bxf6+ exf6 31. Qxf6+ Kg8 32. Qxg6+ Kh8 33. Qxh6+ Kg8 34.
Qg6+ Kh8 35. Qxe8+ Kg7 36. Rxc1 Qd4 37. Qe3 Qxd5 38. Qc3+ Kg6 39. f3 Qe6 40. Nc5
Qd5 41. Kg2 Kh6 42. Qh8+ Kg6 43. Qe8+ Kh6 44. Qe3+ Kg7 45. Qd4+ Qxd4 46. Ne6+
Kf6 47. Nxd4 Bxb4 48. Nxb5 a5 49. Kg3 Bd5 50. Rc2 Bg8 51. Kf4 1-0

[Event "Karpos Open 2013"]
[Site "Skopje MKD"]
[Date "2013.03.14"]
[Round "7.98"]
[White "Tairi, Asip"]
[Black "Silivri, Volkan Resat"]
[Result "0-1"]
[WhiteElo "1898"]
[BlackElo "1674"]
[WhiteFideId "15001105"]
[BlackFideId "6331521"]
[EventDate "2013.03.09"]

1. Nf3 g6 2. d4 d6 3. e4 Nf6 4. Bd3 Bg7 5. O-O O-O 6. h3 Nbd7 7. Be3 c6 8. c4
Re8 9. e5 dxe5 10. dxe5 Nh5 11. Bd4 Nf4 12. Bc2 Ne6 13. Bc3 Qc7 14. Qe2 b6 15.
Nbd2 Bb7 16. Rfe1 Rad8 17. Rad1 Ndc5 18. b4 Nf4 19. Qf1 Nd7 20. Ba1 c5 21. a3
Ne6 22. Ba4 Rf8 23. Qe2 Nb8 24. h4 Nf4 25. Qf1 Nc6 26. b5 Nd4 27. Bxd4 cxd4 28.
g3 Ne6 29. Bc2 Nc5 30. Ne4 d3 31. Bxd3 Bxe4 32. Rxe4 Rxd3 33. Rxd3 Nxe4 34. Re3
Nc5 35. h5 Bh6 36. hxg6 hxg6 37. Qh3 Bxe3 38. fxe3 Kg7 39. Qg4 Qd7 0-1

[Event "Karpos Open 2013"]
[Site "Skopje MKD"]
[Date "2013.03.14"]
[Round "7.99"]
[White "Atanasov, Sande"]
[Black "Ipekci, Baris"]
[Result "1-0"]
[WhiteElo "1891"]
[BlackElo "1671"]
[WhiteFideId "15001539"]
[BlackFideId "6302823"]
[EventDate "2013.03.09"]

1. e4 d5 2. exd5 Qxd5 3. Nc3 Qa5 4. d4 Nf6 5. Bc4 Bf5 6. Bd2 c6 7. Nge2 e6 8. h4
h5 9. Nd5 Qd8 10. Nxf6+ gxf6 11. Ng3 Qxd4 12. Bc3 Qxc4 13. Bxf6 Nd7 14. Bxh8
Bxc2 15. Qd2 f6 16. a3 O-O-O 17. Rc1 Ne5 18. Rxc2 Rxd2 19. Rxc4 Nxc4 20. b3 Bh6
21. bxc4 f5 22. Bg7 Bf4 23. Nxh5 Rc2 24. Rh3 Bd6 25. Rc3 Ra2 26. c5 Bc7 27. Rf3
f4 28. Nxf4 e5 29. Nd3 Ba5+ 30. Nb4 Rxa3 31. Rf8+ Kd7 32. Rf7+ Kc8 33. Bxe5
Bxb4+ 34. Ke2 Bxc5 35. Rc7+ Kd8 36. f4 Rg3 37. Rxb7 Rxg2+ 38. Kf3 Rf2+ 39. Kg3
Rc2 40. h5 Bf2+ 41. Kg4 Rc1 42. Kf5 Rc5 43. Ke6 Rxe5+ 44. fxe5 Kc8 45. Rb3 1-0

[Event "Karpos Open 2013"]
[Site "Skopje MKD"]
[Date "2013.03.15"]
[Round "8.2"]
[White "Markus, Robert"]
[Black "Cheparinov, Ivan"]
[Result "1/2-1/2"]
[WhiteTitle "GM"]
[BlackTitle "GM"]
[WhiteElo "2605"]
[BlackElo "2706"]
[WhiteFideId "921637"]
[BlackFideId "2905540"]
[EventDate "2013.03.09"]

1. d4 Nf6 2. c4 g6 3. g3 Bg7 4. Bg2 d5 5. cxd5 Nxd5 6. e4 Nb6 7. Ne2 c5 8. d5 e6
9. O-O O-O 10. Nbc3 Na6 11. Nf4 exd5 12. Nfxd5 Nb4 13. Be3 N6xd5 14. Nxd5 Nxd5
15. exd5 b6 16. Qd2 Bf5 17. Rac1 a5 18. d6 Qd7 19. Bxa8 Rxa8 20. f3 Rd8 21. Rcd1
h5 22. h4 Qe6 23. b3 Be5 24. Qd5 Bxg3 25. Qxe6 fxe6 26. Bg5 Rd7 27. f4 e5 28.
fxe5 Bxe5 29. Bf4 Bd4+ 30. Kh2 Kf7 31. Kg3 Bc3 32. Rc1 Bb2 33. Rce1 Bc3 34. Re2
b5 35. Bd2 Bf6 36. Bf4 Bc3 37. Bd2 Bf6 38. Bf4 c4 39. bxc4 bxc4 40. Be5 Bxe5+
41. Rxe5 Rxd6 42. Rc5 Rd4 43. Rf4 Rd3+ 44. Rf3 Rd4 45. Rf4 1/2-1/2

[Event "Karpos Open 2013"]
[Site "Skopje MKD"]
[Date "2013.03.15"]
[Round "8.6"]
[White "Rodshtein, Maxim"]
[Black "Popilski, Gil"]
[Result "1-0"]
[WhiteTitle "GM"]
[BlackTitle "GM"]
[WhiteElo "2615"]
[BlackElo "2520"]
[WhiteFideId "2806851"]
[BlackFideId "2809060"]
[EventDate "2013.03.09"]

1. d4 Nf6 2. c4 g6 3. f3 d5 4. cxd5 Nxd5 5. e4 Nb6 6. Nc3 Bg7 7. Be3 O-O 8. Qd2
Nc6 9. O-O-O Qd6 10. Nb5 Qd7 11. Kb1 a6 12. Na3 e5 13. d5 Nd4 14. h4 c6 15. Qa5
Qd8 16. dxc6 bxc6 17. Ne2 Rb8 18. Nxd4 exd4 19. Bf4 Rb7 20. Bd3 c5 21. Rd2 Be6
22. Qxa6 Qa8 23. Rc1 Qxa6 24. Bxa6 Ra7 25. Bd3 Rxa3 26. bxa3 c4 27. Rb2 Na4 28.
Rb4 Nc3+ 29. Rxc3 dxc3 30. Bxc4 1-0

[Event "Karpos Open 2013"]
[Site "Skopje MKD"]
[Date "2013.03.15"]
[Round "8.7"]
[White "Lupulescu, Constantin"]
[Black "Dastan, Muhammed Batuhan"]
[Result "1-0"]
[WhiteTitle "GM"]
[BlackTitle "FM"]
[WhiteElo "2614"]
[BlackElo "2371"]
[WhiteFideId "1207822"]
[BlackFideId "6300014"]
[EventDate "2013.03.09"]

1. d4 d5 2. c4 c6 3. Nf3 Nf6 4. e3 e6 5. Bd3 dxc4 6. Bxc4 Nbd7 7. O-O Bd6 8. Qc2
O-O 9. Rd1 Qe7 10. Nc3 e5 11. h3 Bc7 12. Bb3 h6 13. Nh4 Rd8 14. Nf5 Qf8 15. Bd2
Nb6 16. dxe5 Bxe5 17. Be1 Re8 18. Nd4 Bxd4 19. Rxd4 Be6 20. a4 Nbd7 21. Bxe6
Rxe6 22. Rad1 Qe7 23. Ne2 Re4 24. Rxe4 Nxe4 25. Rxd7 Qxd7 26. Qxe4 Qd1 27. Kf1
Rd8 28. Nc3 Qb3 29. Qe7 Rf8 30. Qa3 Qc4+ 31. Ne2 Rd8 32. Qb4 Qxb4 33. Bxb4 c5
34. Be1 Rd1 35. Nc3 Rc1 36. Nb5 a6 37. Na3 b5 38. axb5 axb5 39. Nxb5 Rb1 40. Nd6
Rxb2 41. Ne4 Rc2 42. g4 f6 43. Bd2 h5 44. Ke2 hxg4 45. Kd3 g3 46. fxg3 Ra2 47.
Nxc5 Ra1 48. Ke2 Rh1 49. h4 Rh2+ 50. Kd1 Rg2 51. Be1 f5 52. Nd3 Ra2 53. Bd2 Kf7
54. Nf4 Rb2 55. Bc3 Rf2 56. Be1 Rh2 57. Nd3 Ra2 58. Bc3 Ra3 59. Kc2 Kg6 60. Kb2
Ra7 61. Be5 Kh5 62. Bf4 Kg6 63. Kc3 Kf6 64. Kd2 Ra2+ 65. Ke1 Rg2 66. Kf1 Ra2 67.
Nf2 Ra1+ 68. Kg2 g6 69. Kf3 Rf1 70. Kg2 Ra1 71. g4 fxg4 72. Nxg4+ Kf5 73. Kf3
Ra3 74. Nf2 Ra1 75. e4+ Kf6 76. Bg5+ Ke5 77. Nd3+ Ke6 78. Nf4+ Kf7 79. e5 Re1
80. e6+ Kg7 81. e7 Kf7 82. Nd5 1-0

[Event "Karpos Open 2013"]
[Site "Skopje MKD"]
[Date "2013.03.15"]
[Round "8.9"]
[White "Ivanisevic, Ivan"]
[Black "Stefanova, Antoaneta"]
[Result "1-0"]
[WhiteTitle "GM"]
[BlackTitle "GM"]
[WhiteElo "2644"]
[BlackElo "2530"]
[WhiteFideId "912417"]
[BlackFideId "2902257"]
[EventDate "2013.03.09"]

1. e4 e5 2. Nf3 Nc6 3. Nc3 Nf6 4. Bb5 Bd6 5. a3 O-O 6. d3 Re8 7. g4 Nxg4 8. Ng5
Nh6 9. Rg1 Bc5 10. Nd5 Nd4 11. Qh5 Bf8 12. Nf3 c6 13. Nxd4 cxd5 14. Bxh6 exd4
15. Bxg7 Bxg7 16. Qh6 Kf8 17. Qxg7+ Ke7 18. Qe5+ Kf8 19. Qd6+ 1-0

[Event "Karpos Open 2013"]
[Site "Skopje MKD"]
[Date "2013.03.15"]
[Round "8.10"]
[White "Stevic, Hrvoje"]
[Black "Mikhalevski, Victor"]
[Result "1-0"]
[WhiteTitle "GM"]
[BlackTitle "GM"]
[WhiteElo "2620"]
[BlackElo "2548"]
[WhiteFideId "14502569"]
[BlackFideId "2801914"]
[EventDate "2013.03.09"]

1. e4 e5 2. Nf3 Nc6 3. Bb5 a6 4. Ba4 Nf6 5. d3 b5 6. Bb3 Bc5 7. Nc3 d6 8. Nd5 h6
9. Nxf6+ Qxf6 10. Bd5 Bd7 11. Be3 O-O 12. Qd2 Rae8 13. Bxc6 Bxc6 14. Qa5 Bxe3
15. fxe3 d5 16. exd5 Bxd5 17. e4 Ba8 18. O-O-O c5 19. Kb1 c4 20. Rhf1 cxd3 21.
cxd3 Rd8 22. Qe1 Qe6 23. Nh4 g6 24. Rf3 Rd7 25. Qe2 Qe7 26. Rh3 Rfd8 27. Rf1 Rc7
28. a3 b4 29. Qd2 Bxe4 30. Nxg6 fxg6 31. Qxh6 Bxd3+ 32. Rxd3 Rc6 33. Rh3 Qg7 34.
Qe3 Rd4 35. Qb3+ Rcc4 36. axb4 Qd7 37. Rc3 Qd5 38. Rxc4 Rxc4 39. Ka2 Kg7 40. Rc1
Rd4 41. Rc7+ Kf6 42. Qxd5 Rxd5 43. Rc6+ Kf5 44. Rxa6 e4 45. Ra5 Rxa5+ 46. bxa5
e3 47. a6 e2 48. a7 e1=Q 49. a8=Q Qe6+ 50. b3 Qe1 51. Qd5+ Kf6 52. h3 Kg7 53.
Ka3 Qa1+ 54. Kb4 Kh6 55. Qe4 Qb2 56. h4 Qd2+ 57. Kc4 Qa2 58. Qe3+ Kh7 59. g3
Qa6+ 60. Kc3 Qc6+ 61. Kb4 Qb7+ 62. Ka5 Qa8+ 63. Kb6 Qb8+ 64. Kc6 Qc8+ 65. Kd6
Qd8+ 66. Ke5 Qe7+ 67. Kd4 Qd6+ 68. Kc3 Qc6+ 69. Kd2 Qg2+ 70. Ke1 Qc2 71. Qe7+
Kg8 72. Qd8+ Kh7 73. Qd7+ Kg8 74. Qd5+ Kh7 75. h5 gxh5 76. Qxh5+ Kg7 77. Qe5+
Kg6 78. Qd6+ Kg7 79. Qd4+ Kg6 80. b4 Qb3 81. Kd2 Kf7 82. Qd7+ Kg8 83. Qc8+ Kf7
84. Qf5+ Kg7 85. Qe5+ Kg6 86. b5 Kf7 87. Qc7+ Ke6 88. Qc6+ Ke7 89. Qc5+ Kf7 90.
b6 Kg8 91. Qd6 Kf7 92. Qc7+ Kg8 93. Qd6 Kf7 94. Ke2 Kg8 95. Kf2 Kh7 96. Kg2 Qe3
97. Kh3 Qe1 98. Qd7+ Kg6 99. Qc6+ Kg5 100. Qd5+ Kh6 101. b7 Qf1+ 102. Kh4 Qf6+
103. Kg4 Qg6+ 104. Kh3 Qb6 105. Qe4 Kg7 106. Qe5+ Kh7 107. b8=Q Qh6+ 108. Kg4
Qg5+ 109. Kf3 Qf6+ 110. Ke2 Qa6+ 111. Qbb5 1-0

[Event "Karpos Open 2013"]
[Site "Skopje MKD"]
[Date "2013.03.15"]
[Round "8.11"]
[White "Djukic, Nikola"]
[Black "Sumets, Andrey"]
[Result "1/2-1/2"]
[WhiteTitle "GM"]
[BlackTitle "GM"]
[WhiteElo "2545"]
[BlackElo "2620"]
[WhiteFideId "922412"]
[BlackFideId "14105500"]
[EventDate "2013.03.09"]

1. e4 c6 2. d4 d5 3. Nc3 dxe4 4. Nxe4 Bf5 5. Ng3 Bg6 6. N1e2 Nf6 7. Nf4 e5 8.
Nxg6 hxg6 9. dxe5 Qa5+ 10. Bd2 Qxe5+ 11. Qe2 Nbd7 12. Qxe5+ Nxe5 13. f4 Ned7 14.
O-O-O Bd6 15. Bc4 Rh4 16. Ne2 Bc5 17. g3 Rh8 18. Nc3 Nb6 19. Rde1+ Kf8 20. Bd3
Re8 21. Rxe8+ Kxe8 22. f5 gxf5 23. Bxf5 Bf2 24. Ne4 Nxe4 25. Bxe4 Nc4 26. Bf4
Kf8 27. h4 Be3+ 28. Bxe3 Nxe3 29. Re1 Nc4 30. Bd3 Nd6 31. Re5 Rh6 32. Kd2 Ne8
33. Ke3 1/2-1/2

[Event "Karpos Open 2013"]
[Site "Skopje MKD"]
[Date "2013.03.15"]
[Round "8.12"]
[White "Grigorov, Grigor"]
[Black "Mastrovasilis, Dimitrios"]
[Result "1/2-1/2"]
[WhiteTitle "GM"]
[BlackTitle "GM"]
[WhiteElo "2516"]
[BlackElo "2614"]
[WhiteFideId "2907313"]
[BlackFideId "4202694"]
[EventDate "2013.03.09"]

1. d4 d5 2. Nf3 Nf6 3. c4 c6 4. e3 Bg4 5. h3 Bh5 6. cxd5 Bxf3 7. Qxf3 cxd5 8.
Nc3 e6 9. Bd3 Nc6 10. O-O Bd6 11. Qe2 O-O 12. Bd2 Rc8 13. Rfc1 Qd7 14. Be1 Ne7
15. Rc2 a6 16. Rac1 1/2-1/2

[Event "Karpos Open 2013"]
[Site "Skopje MKD"]
[Date "2013.03.15"]
[Round "8.14"]
[White "Mastrovasilis, Athanasios"]
[Black "Romanov, Evgeny"]
[Result "1/2-1/2"]
[WhiteTitle "GM"]
[BlackTitle "GM"]
[WhiteElo "2497"]
[BlackElo "2603"]
[WhiteFideId "4201990"]
[BlackFideId "4148843"]
[EventDate "2013.03.09"]

1. c4 g6 2. g3 Bg7 3. Bg2 c5 4. Nc3 Nc6 5. Nf3 e6 6. d4 cxd4 7. Nb5 d6 8. Nfxd4
Nxd4 9. Nxd4 a6 10. O-O Ne7 11. b3 O-O 12. Bb2 Qc7 13. Qd2 Rd8 14. Rfd1 Rb8 15.
Rac1 b6 16. Nf3 1/2-1/2

[Event "Karpos Open 2013"]
[Site "Skopje MKD"]
[Date "2013.03.15"]
[Round "8.15"]
[White "Malakhatko, Vadim"]
[Black "Kadric, Denis"]
[Result "1/2-1/2"]
[WhiteTitle "GM"]
[BlackTitle "IM"]
[WhiteElo "2571"]
[BlackElo "2473"]
[WhiteFideId "14104202"]
[BlackFideId "14403803"]
[EventDate "2013.03.09"]

1. c4 g6 2. g3 Nf6 3. Bg2 d5 4. cxd5 Nxd5 5. d4 Bg7 6. Nf3 Nb6 7. Nc3 Nc6 8. O-O
Nxd4 9. Nxd4 Bxd4 10. Nb5 Be5 11. Qxd8+ Kxd8 12. Rd1+ Nd7 13. f4 a6 14. Na3 Bd6
15. Nc4 Bc5+ 16. Kf1 Rb8 17. Bd2 Ke8 18. Ba5 b5 19. Bxc7 bxc4 20. Rxd7 Bxd7 21.
Bxb8 f6 22. Rd1 Be6 23. Bc7 Kf7 24. Bd5 Rc8 25. Ba5 Rb8 26. Bc3 Bb4 27. Bxe6+
Kxe6 28. Rd4 Bxc3 29. bxc3 Rc8 30. Kf2 Rc5 31. a4 Kf7 32. Kf3 e5 33. fxe5 fxe5
34. Rd7+ Ke6 35. Rb7 Kd5 36. Rxh7 Ra5 37. Rg7 Rxa4 38. Rxg6 Ra3 39. Kf2 a5 40.
Ra6 Ke4 41. h4 Rxc3 42. Rxa5 Rc1 43. Rc5 c3 44. Rc4+ Kd5 45. Rc7 Ke4 46. Kg2 Rc2
47. Kf2 Rc1 48. Rc8 c2 49. Rc7 Kd4 50. h5 Rh1 51. Rxc2 Rxh5 52. Kf3 Rf5+ 53. Kg4
Rf8 54. Ra2 Ke3 55. Kh3 e4 56. g4 Kf4 57. Ra4 Ke3 58. g5 Kxe2 59. Kg4 e3 60. g6
Rg8 61. Kg5 Ke1 62. Kf6 e2 63. Kf7 Rxg6 64. Kxg6 Kd2 65. Ra2+ Kd1 66. Rxe2 Kxe2 1/2-1/2

[Event "Karpos Open 2013"]
[Site "Skopje MKD"]
[Date "2013.03.15"]
[Round "8.16"]
[White "Nabaty, Tamir"]
[Black "Arnaudov, G. Petar"]
[Result "0-1"]
[WhiteTitle "GM"]
[BlackTitle "IM"]
[WhiteElo "2566"]
[BlackElo "2468"]
[WhiteFideId "2809052"]
[BlackFideId "2907127"]
[EventDate "2013.03.09"]

1. d4 Nf6 2. c4 e6 3. Nc3 Bb4 4. Qb3 c5 5. dxc5 Nc6 6. Nf3 O-O 7. Bg5 h6 8. Bh4
Bxc5 9. e4 Nd4 10. Nxd4 Bxd4 11. Bd3 Qc7 12. O-O Be5 13. Kh1 b6 14. Qd1 Bb7 15.
Nb5 Qc6 16. Qe2 Nxe4 17. f3 Nc5 18. Bc2 Bxb2 19. Rab1 a6 20. Rxb2 axb5 21. cxb5
Qc7 22. Rb4 f5 23. a4 e5 24. f4 Rae8 25. fxe5 Qxe5 26. Qxe5 Rxe5 27. Kg1 Re2 28.
Rf2 Rfe8 29. Bd1 R2e4 30. Rxe4 fxe4 31. Re2 e3 32. Bg3 d5 33. Bc7 Re6 34. Bxb6
Rxb6 35. Rxe3 Re6 36. Kf2 Kf7 37. Ra3 Ne4+ 38. Kg1 Nd2 39. Kf2 Nc4 40. Rf3+ Ke7
41. Be2 Re4 42. Rg3 g5 43. Rh3 Rh4 44. Rxh4 gxh4 45. Kf3 Ne5+ 46. Kf4 Kd6 47. a5
d4 48. Bf1 d3 49. a6 Bc8 50. g4 hxg3 51. hxg3 d2 52. Be2 Nc4 53. a7 Bb7 54. Kf5
Kc5 55. Kg6 Kb6 56. Kxh6 Kxa7 57. g4 Ne5 0-1

[Event "Karpos Open 2013"]
[Site "Skopje MKD"]
[Date "2013.03.15"]
[Round "8.17"]
[White "Golod, Vitali"]
[Black "Kohlweyer, Bernd"]
[Result "1/2-1/2"]
[WhiteTitle "GM"]
[BlackTitle "IM"]
[WhiteElo "2564"]
[BlackElo "2458"]
[WhiteFideId "2804140"]
[BlackFideId "4600622"]
[EventDate "2013.03.09"]

1. c4 g6 2. d4 Nf6 3. Nc3 Bg7 4. e4 O-O 5. Nf3 c6 6. Bd3 d6 7. h3 e5 8. d5 Nh5
9. O-O Na6 10. a3 Nf4 11. Bxf4 exf4 12. Qd2 Nc5 13. Bc2 cxd5 14. cxd5 Qf6 15.
Rfe1 Nd7 16. e5 Nxe5 17. Nxe5 dxe5 18. d6 Bd7 19. Ne4 Qd8 20. Bb3 Qb6 21. Bd5
Rad8 22. a4 Bf5 23. a5 1/2-1/2

[Event "Karpos Open 2013"]
[Site "Skopje MKD"]
[Date "2013.03.15"]
[Round "8.18"]
[White "Hamitevici, Vladimir"]
[Black "Solodovnichenko, Yuri"]
[Result "1-0"]
[WhiteTitle "IM"]
[BlackTitle "GM"]
[WhiteElo "2444"]
[BlackElo "2559"]
[WhiteFideId "13902393"]
[BlackFideId "14104369"]
[EventDate "2013.03.09"]

1. Nf3 g6 2. d4 Bg7 3. c4 c5 4. d5 f5 5. Nc3 Bxc3+ 6. bxc3 Qa5 7. Qc2 d6 8. h4
Nf6 9. Bh6 Nbd7 10. e3 Nb6 11. Be2 Bd7 12. Ng5 Rg8 13. f3 O-O-O 14. Kf2 Rde8 15.
a4 e6 16. Rhb1 exd5 17. Nf7 Kc7 18. Bf4 Re6 19. Qd1 Rf8 20. cxd5 Nfxd5 21. Bxd6+
Rxd6 22. Nxd6 Nxc3 23. Qd2 Rf6 24. Rb5 Rxd6 25. Qxd6+ Kxd6 26. Rxa5 a6 27. Bxa6
bxa6 28. Rxa6 Kc7 29. a5 Nc8 30. Rf6 Be8 31. a6 Na7 32. Rc1 Na4 33. Rb1 Nb5 34.
Rf8 Bc6 35. Rxb5 Bxb5 36. a7 Nb6 37. a8=Q Nxa8 38. Rxa8 c4 39. Ke1 Kd6 40. Kd2 1-0

[Event "Karpos Open 2013"]
[Site "Skopje MKD"]
[Date "2013.03.15"]
[Round "8.20"]
[White "Salgado Lopez, Ivan"]
[Black "Sanal, Vahap"]
[Result "1-0"]
[WhiteTitle "GM"]
[BlackTitle "IM"]
[WhiteElo "2619"]
[BlackElo "2404"]
[WhiteFideId "2257327"]
[BlackFideId "6300545"]
[EventDate "2013.03.09"]

1. e4 e5 2. Nf3 Nc6 3. Bc4 Nf6 4. d3 Bc5 5. O-O O-O 6. Re1 h6 7. c3 d6 8. b4 Bb6
9. a4 a6 10. Nbd2 Re8 11. a5 Ba7 12. Bb3 d5 13. exd5 Nxd5 14. Ne4 Be6 15. Bd2
Nf6 16. Ba4 Nxe4 17. dxe4 Qf6 18. Bxc6 bxc6 19. Be3 Bxe3 20. Rxe3 c5 21. bxc5
Rab8 22. Qa4 Qe7 23. Qa3 Rb3 24. Qa4 Rb5 25. c4 Rxc5 26. Rc3 Rd8 27. Qb4 Qd6 28.
h3 Qc6 29. Rac1 Kh7 30. Ne1 Rd4 31. Nd3 Rcxc4 32. Rxc4 Rxc4 33. Rxc4 Qxc4 34.
Qxc4 Bxc4 35. Nxe5 Be6 36. f4 f6 37. Nd3 Bc4 38. Nc5 Kg6 39. Kf2 Kf7 40. g3 Ke7
41. e5 g5 42. Kf3 gxf4 43. gxf4 fxe5 44. fxe5 Bf1 45. h4 h5 46. Kf4 Be2 47. Kg5
Kf7 48. Kf5 Bf1 49. Kg5 Be2 50. Kh6 Bf3 51. Nxa6 Ke6 52. Nxc7+ Kxe5 53. Kg5 Kd6
54. Ne8+ Kc6 55. Nf6 Kb5 56. Nxh5 Kxa5 57. Nf6 Kb4 58. Ng4 Kc3 59. h5 Kd4 60. h6
Be4 61. Kf6 Bh7 62. Ne5 1-0

[Event "Karpos Open 2013"]
[Site "Skopje MKD"]
[Date "2013.03.15"]
[Round "8.21"]
[White "Brkic, Ante"]
[Black "Valsecchi, Alessio"]
[Result "1-0"]
[WhiteTitle "GM"]
[BlackTitle "IM"]
[WhiteElo "2584"]
[BlackElo "2435"]
[WhiteFideId "14506688"]
[BlackFideId "818860"]
[EventDate "2013.03.09"]

1. e4 e6 2. d4 d5 3. Nc3 Nf6 4. e5 Nfd7 5. f4 c5 6. Nf3 Nc6 7. Be3 cxd4 8. Nxd4
Bc5 9. Qd2 O-O 10. O-O-O a6 11. Nb3 Bb4 12. Bd3 b5 13. h4 Bb7 14. Kb1 a5 15.
Bxb5 a4 16. Nd4 Qc7 17. Bxc6 Bxc6 18. Nxc6 Qxc6 19. Nxd5 exd5 20. Qxb4 Rfc8 21.
Rd2 Rab8 22. Qa3 Rb5 23. Rhd1 Rcb8 24. b3 axb3 25. cxb3 Qg6+ 26. Kb2 Qe4 27. Qa7
Nf8 28. Qd4 Qg6 29. Qd3 Qg4 30. f5 g6 31. Rf1 Qxh4 32. Bd4 Qg4 33. Rdf2 gxf5 34.
Rf4 Qxg2+ 35. R1f2 Qg6 36. R4f3 f4 37. Qd2 Qh5 38. Qxf4 Ne6 39. Rg2+ Kf8 40. Qf6
R8b7 41. Qxe6 Qxf3 42. Qd6+ Re7 43. Qh6+ 1-0

[Event "Karpos Open 2013"]
[Site "Skopje MKD"]
[Date "2013.03.15"]
[Round "8.22"]
[White "Kuljasevic, Davorin"]
[Black "Bogdanovski, Vlatko"]
[Result "1-0"]
[WhiteTitle "GM"]
[BlackTitle "GM"]
[WhiteElo "2564"]
[BlackElo "2444"]
[WhiteFideId "14506661"]
[BlackFideId "15000206"]
[EventDate "2013.03.09"]

1. d4 Nf6 2. c4 e6 3. Nc3 Bb4 4. Qc2 d6 5. e3 c5 6. Bd3 Nc6 7. Ne2 cxd4 8. exd4
d5 9. cxd5 exd5 10. a3 Bxc3+ 11. bxc3 h6 12. O-O O-O 13. f3 Na5 14. g4 Ne8 15.
Nf4 Nc7 16. Nh5 Bd7 17. Rb1 Ne6 18. Qg2 Bc6 19. f4 f6 20. h4 Be8 21. f5 Nc7 22.
Nf4 Bf7 23. Ng6 Re8 24. g5 hxg5 25. hxg5 fxg5 26. Bxg5 1-0